000 00484nam a22001937a 4500
003 MPLRDC
005 20220104155903.0
008 210129b ||||| |||| 00| 0 eng d
020 _a962-8872-03-6
082 _a855 TJ-16
100 _a陶杰
245 _a她把灵魂铭刻在水上
_c
250 _a初版
260 _a香港
_b明报出版社有限公司
_c2005
300 _b
490 _a明月文库
650 _a散文;随笔、日记
942 _cBK
_o855 TJ-16
999 _c54718
_d54708